Welcome to CU Library Online Public Access Catalogue (OPAC)

MEDIA AND DEMOCRACY (Record no. 9183)

MARC details
000 -LEADER
fixed length control field 00330nam a22001217a 4500
005 - DATE AND TIME OF LATEST TRANSACTION
control field 20260327141240.0
008 - FIXED-LENGTH DATA ELEMENTS--GENERAL INFORMATION
fixed length control field 260327b |||||||| |||| 00| 0 eng d
020 ## - INTERNATIONAL STANDARD BOOK NUMBER
International Standard Book Number 07336164950
050 ## - LIBRARY OF CONGRESS CALL NUMBER
Classification number P87
Item number .G36 MED
245 ## - TITLE STATEMENT
Title MEDIA AND DEMOCRACY
Statement of responsibility, etc. EVERETTE E. DENNISE
260 ## - PUBLICATION, DISTRIBUTION, ETC.
Place of publication, distribution, etc. New York
Name of publisher, distributor, etc. Media Studies Jornal
Date of publication, distribution, etc. 1995
942 ## - ADDED ENTRY ELEMENTS (KOHA)
Source of classification or shelving scheme Library of Congress Classification
Koha item type Books
Suppress in OPAC No
999 ## -
-- 9183
-- 9183
Holdings
Withdrawn status Lost status Source of classification or shelving scheme Damaged status Not for loan Collection Home library Current library Shelving location Date acquired Total checkouts Full call number Barcode Date last seen Copy number Price effective from Koha item type
    Library of Congress Classification     Non-fiction Business Library (Miotso) Business Library (Miotso) General stacks 03/27/2026   P87 .G36 MED BSSM00003082 03/27/2026 1 03/27/2026 Books
© 2023-2024 Copyright: Central University Libraries. All Rights Reserved | Created by: Mahone Tech Office